LEADER 00545nam a2200169 i 4500 001 000000001423 003 CaOOAMICUS 005 20260331155731.0 008 180830n it d u000 u ita u 040 $aSeMil$bita 245 10$aItaliano-Inglese. 300 $a2 v. 773 0 $tDizionario delle lingue Italiana e Inglese.$dFirenze ; Roma : Sansoni, 1970.$kGrandi dizionari Sansoni$w()1163 774 0 $t1: A-L.$w()104060 774 0 $t2: M-Z.$w()104059 996 $6245$aItaliano-Inglese$9(OLS)http://semarc/title/2290